<?xml version="1.0" encoding="UTF-8"?><?xml-stylesheet type="text/xsl" href="static/style.xsl"?><OAI-PMH xmlns="http://www.openarchives.org/OAI/2.0/" xmlns:xsi="http://www.w3.org/2001/XMLSchema-instance" xsi:schemaLocation="http://www.openarchives.org/OAI/2.0/ http://www.openarchives.org/OAI/2.0/OAI-PMH.xsd"><responseDate>2026-04-13T15:16:00Z</responseDate><request verb="GetRecord" identifier="oai:www.recercat.cat:10256/23427" metadataPrefix="marc">https://recercat.cat/oai/request</request><GetRecord><record><header><identifier>oai:recercat.cat:10256/23427</identifier><datestamp>2024-06-18T12:13:42Z</datestamp><setSpec>com_2072_452955</setSpec><setSpec>com_2072_2054</setSpec><setSpec>col_2072_452961</setSpec></header><metadata><record xmlns="http://www.loc.gov/MARC21/slim" xmlns:dcterms="http://purl.org/dc/terms/" xmlns:xsi="http://www.w3.org/2001/XMLSchema-instance" xmlns:doc="http://www.lyncode.com/xoai" xsi:schemaLocation="http://www.loc.gov/MARC21/slim http://www.loc.gov/standards/marcxml/schema/MARC21slim.xsd">
   <leader>00925njm 22002777a 4500</leader>
   <datafield ind2=" " ind1=" " tag="042">
      <subfield code="a">dc</subfield>
   </datafield>
   <datafield ind2=" " ind1=" " tag="720">
      <subfield code="a">Silva-Hormazábal, Marcela</subfield>
      <subfield code="e">author</subfield>
   </datafield>
   <datafield ind2=" " ind1=" " tag="720">
      <subfield code="a">Alsina, Àngel</subfield>
      <subfield code="e">author</subfield>
   </datafield>
   <datafield ind2=" " ind1=" " tag="260">
      <subfield code="c">2023-08-18</subfield>
   </datafield>
   <datafield ind2=" " ind1=" " tag="520">
      <subfield code="a">In recent years, Integrated STEAM education has been positioned as an appropriate educational approach to face the challenges of today's society. Nevertheless, to implement this approach in the classroom requires trained and productively teachers. From this perspective, the objective of this article, is to analyse the impact of integrated STEAM education on teachers through their perceptions in a group of 31 in-service Chilean teachers teaching both in early childhood and primary education, with the aim to obtain a diagnosis for the future design of training processes in STEAM. To obtain data, the adaptation of an instrument that evaluates teachers' perceptions of integrated STEM education has been validated. Specifically, three dimensions of this instrument have been analysed: familiarity, attitudes, and confidence of teachers about this educational ap-proach. The results show that: (1) Familiarity: only 6% of the participants consider themselves very familiar with the approach; (2) Attitude: 97% of the participants declare themselves to be very willing or moderately willing to learn more about STEAM; (3) Confidence: the data shows, in general, a moderate level of confidence to implement this approach. In relation to the impact of STEAM integrated education in the Chilean teacher's perceptions, it can be noted that despite the familiarity of the participants is very low, the scenario seems encouraging, because they show a very positive attitude towards this approach, together with a moderate confidence to implement it. Even though these early findings are encouraging, they also show that the teach-er's formation is fundamental, because its impact in the teachers, reverberates directly in a posi-tive impact on the students. Consequently, it is necessary to promote the professional develop-ment of teachers in STEAM through training programs that improve knowledge about the ap-proach and deliver the necessary tools to implement it in the classroom</subfield>
   </datafield>
   <datafield ind1="8" ind2=" " tag="024">
      <subfield code="a">http://hdl.handle.net/10256/23427</subfield>
   </datafield>
   <datafield tag="653" ind2=" " ind1=" ">
      <subfield code="a">Mestres d'educació infantil</subfield>
   </datafield>
   <datafield tag="653" ind2=" " ind1=" ">
      <subfield code="a">Mestres</subfield>
   </datafield>
   <datafield tag="653" ind2=" " ind1=" ">
      <subfield code="a">Tecnologia educativa</subfield>
   </datafield>
   <datafield tag="653" ind2=" " ind1=" ">
      <subfield code="a">Preschool teachers</subfield>
   </datafield>
   <datafield tag="653" ind2=" " ind1=" ">
      <subfield code="a">Elementary school teachers</subfield>
   </datafield>
   <datafield tag="653" ind2=" " ind1=" ">
      <subfield code="a">Educational technology</subfield>
   </datafield>
   <datafield ind2="0" ind1="0" tag="245">
      <subfield code="a">Exploring the Impact of Integrated STEAM Education in Early Childhood and Primary Education Teachers</subfield>
   </datafield>
</record></metadata></record></GetRecord></OAI-PMH>